Quizzes
Events
Quiz Creation
Community
Videos
Private Events
Remove Ads
Sign In
Join for FREE
Feedback
Dark Mode
Quiz Categories
Sports
Geography
Music
Movies
Television
Just For Fun
Miscellaneous
History
Literature
Language
Science
Gaming
Entertainment
Religion
Holiday
For Kids
Quiz Lab
Recent
Popular Today
Quiz Kudos Today
Editor Picks
Curator Picks
Quizzes by...
Day
Popularity
Type
Ratings
Length
Year
Community
Subscriptions
Recent Discussions
Orange Saloon
Badges
Playlists
Quests
Create
Leaderboards
Showdown
Live 5
Trivia Bingo
Activity
Puzzle Library
Sporcle Events
Private Events
Virtual Trivia
Globe League
Become a Host
Pub Owners
SporcleCon
Opinionation
Our Games
Videos
Blog
Mobile Apps
Partnerships
Remove Ads and Go Orange
Feedback
Entertainment
Celebrity
Famous
Musical
Broadway
Show
Quote
Comic Books
Anime
Superhero
DC Comics
Marvel
Cartoons
Animation
Entertainment
Celebrity
Famous
Musical
Broadway
Show
Quote
Comic Books
Anime
Superhero
DC Comics
Marvel
Cartoons
Animation
Random Quiz
Search Sporcle
×
Quiz Lab
Quiz Lab
Entertainment
Nicki Minaj
Type in answers that appear in a list
Type in answers that appear in a list
Classic
Best Score? Go Orange.
Name nicki minaj's alter egos Stats
Can you name the Name nicki minaj's alter egos?
By
zariasimmonds
7m
13 Questions
394 Plays
394 Plays
394 Plays
Comments
Comments
Give Quiz Kudos
Give Quiz Kudos
-
- Ratings
hide this ad
More Info
Replay
Link that replays current quiz
Next Quiz
Link to next quiz in quiz playlist
You Got
0%
They Got
Avg Score
62%
Avg Friend Score
Upgrade to see
Score Distribution
Jump to the score distribution portion of the page
Score
0/13
Timer
07:00
0
Plays Today
Hint
Answer
% Correct
homosexual male characterized as being far more outspoken and wild than Nicki herself.
Roman Zolanski
93.1%
most famous alter egos, particularly known for her soft voice.
The Harajuku Barbie
85.3%
She is represented as the female version of Lil Wayne
Female Weezy
74.1%
is the first alter ego of Nicki Minaj
Cookie
73.6%
She is the mother of Roman Zolanski and an alter ego of Minaj
Martha Zolanski
70.8%
She is a hip hop lyrical assassin, whom is sometimes naughty.
Nicki the Ninja
62.7%
he is described as the ingenious austere business woman
Nicki the Boss
57.6%
She is an alter ego of Minaj, created in an interview due to the Mexican origins of the host
rosa
57.6%
She is one of the most know alter egos of Minaj when she was an underground artist, and is known for her sexual lyrics.
Nicki Lewinsky
51.8%
creepy and a pervert.
Point Dexter
51.5%
AKA the Healer
Nicki Teresa
44.7%
He is a crackhead from Harlem who raps in a detuned and erratic way
tyrone
44.4%
He is an alter ego of Minaj, who makes appearances on UStream along with SB
Norman
39.3%
Quiz Playlist
Details
Report
Send in Message
Add To Playlist
More Info:
Guess all of the alter egos before time runs up
Classic:
Type in answers that appear in a list
Last Updated: Feb 16, 2017
Quiz Scoreboard
CHALLENGE
Sign Up to Join the Scoreboard
Show All
Scores
Hide
Comments
May contain spoilers
Recently Published
An Introduction to Baseball
by treessimontrees
Sports
5m
Movies - When Are They Set?
by FPL_Elf
Movies
5m
Popular People in 1961
by mucciniale
History
6m
More to Explore
Quiz From the Vault
Featured Blog Post
Where Did the Easter Bunny Come From?
hide this ad
You Might Also Like...
Tags
Nicki Minaj
Today's Top Quizzes in Entertainment
Browse Entertainment
hide this ad
Today's Top Quizzes in Nicki Minaj
Browse Nicki Minaj
Top Contributed Quizzes in Entertainment
1
Kamen Rider Motifs
2
7-to-1: DC Comics Villains
3
Dragon Ball Z: Goku's Fights in Order
4
Dragon Ball Z: Mega Character Search
5
Marvel Characters Bunker
6
Criteria Quickie: Cartoon Taxonomy II
7
Fictional Villains Letter U Blitz
8
Sorting Pictures: Villains
9
One Thing in Common: Fictional Characters
10
Eurovision 2023 Logic Puzzle
Explore More
Trending Topics
Anime
NBA
Crossword
Kpop
Marvel
Disney
Harry Potter
NFL
Soccer
WWE
Pokémon
Puzzle
The Office
Song
Country
hide this ad
More By:
zariasimmonds
Quiz
Plays
Rating
Category
Featured
Created
Name nicki minaj's alter egos
394
5.00
Entertainment
Apr 18, 2016
Go to Creator's Profile
Score Distribution
Quiz Creator Spotlight
zariasimmonds
Follow
Send a Message
Quizzes Created
-
Created Quiz Play Count
-
More By This Creator
Popular Quizzes Today
1
Find the Countries of Europe - No Outlines Minefield
2
Find the US States - No Outlines Minefield
3
The Countries of the World
4
Popular People in 1961
5
US States
6
Find the US States
7
1-10 Letter E Words III
8
Risky Map Clicking: Biggest States A-Z
More Entertainment Quizzes
Numbers in Broadway Songs
Published
Trending Quizzes
Risky Map Clicking: Least Populous States A-Z
1-10 Letter F Words
1-10 Letter G Words
One Thing in Common: United Kingdom
Not Quite an Element Typing Challenge
Recently Updated
Leaping Animals
pecheneg
Reality TV Shows (A-Z)
bhenderson79
Rickey Henderson's Hall of Fame Teammates
pecheneg
Champions League XIs: Arsenal
pecheneg
Quick Pick: Celebrities in WWE's Hall of Fame
aduchscher
A-Z Keypad Blitz II
pecheneg
Multiple Oscar Actors
pecheneg
Mystery Phrase Blitz: Oscar 'Best Actors'
pecheneg
F. Scott Fitzgerald Novels
LTH
Pick 3 Villains
ddd62291
Trending Topics
Crossword
Anime
Disney
Kpop
NBA
Harry Potter
Marvel
NFL
The Office
Song
Puzzle
Pokémon
Country
Soccer
WWE
Your Account Isn't Verified!
In order to create a playlist on Sporcle, you need to verify the email address you used during registration. Go to your
Sporcle Settings
to finish the process.
Report this User
Report this user for behavior that violates our
Community Guidelines
.
Details:
Send Report
Go to the Sporcle.com Mobile Site →
Comments